Effect of mode of filler addition on the dynamic mechanical properties of epoxidized natural rubber-cis-1,4-polybutadiene rubber blend (Record no. 57959)

MARC details
000 -LEADER
fixed length control field 00460nam a2200133Ia 4500
100 ## - MAIN ENTRY--AUTHOR NAME
Personal name Varughese S
245 #0 - TITLE STATEMENT
Title Effect of mode of filler addition on the dynamic mechanical properties of epoxidized natural rubber-cis-1,4-polybutadiene rubber blend
260 ## - PUBLICATION, DISTRIBUTION, ETC. (IMPRINT)
Name of publisher Journal of Applied Polymer Science
Year of publication 1993
300 ## - PHYSICAL DESCRIPTION
Number of Pages 1115-1121
650 ## - SUBJECT ADDED ENTRY--TOPICAL TERM
Topical Term Epoxidized natural rubber
700 ## - ADDED ENTRY--PERSONAL NAME
Personal name Tripathy D K
942 ## - ADDED ENTRY ELEMENTS (KOHA)
Koha item type Journals
Holdings
Withdrawn status Lost status Damaged status Not for loan Home library Current library Shelving location Date acquired Serial Enumeration / chronology Koha item type
      Journals RRII Library RRII Library Rubber chemistry 17/12/2021 Volume 49, Issue 6 Journals